| 000 | 00000nam 2200000za 4500 |
| 001 | 9.550560 |
| 003 | CaOODSP |
| 005 | 20250120083846 |
| 007 | ta |
| 008 | 150406|2008||||xxc||||| f|0| 0 eng d |
| 020 | |a978-0-660-65193-4 |
| 022 | |a0317-2376 |
| 040 | |aCaOODSP|beng |
| 041 | |aeng |
| 041 | |afre |
| 043 | |an-cn--- |
| 086 | 1 |aFR4-2008/5 |
| 110 | 1 |aCanada. |bForeign Affairs and International Trade Canada. |
| 245 | 10|aTaxation : |bConvention between the Government of Canada and the Government of the Gabonese Republic for the Avoidance of Double Taxation and the Prevention of Fiscal Evasion with respect to Taxes on Income and on Capital, Libreville, 14 November 2002, in force 22 December 2008 |
| 260 | |aOttawa - Ontario : |bForeign Affairs and International Trade |cc2010. |
| 300 | |a59p. ; |c25 cm. |
| 490 | 1 |aTreaty series|x0317-2376|v2008/5 |
| 563 | |aSoftcover |
| 590 | |a10-07|b2010-02-19 |
| 776 | 0#|tTaxation - Convention between the Government of Canada and the Government of the Gabonese Republic for the Avoidance of Double Taxation and the Prevention of Fiscal Evasion with respect to Taxes on Income and on Capital = |w(CaOODSP)9.947094 |
| 792 | |tImposition : |efre|w(CaOODSP)9.550561 |
| 830 | #0|aTreaty series,|x0317-2376|v2008/5|w(CaOODSP)9.509228 |